| 000 | 01019nam a2200289 a 4500 | ||
|---|---|---|---|
| 001 | 15975 | ||
| 003 | BD-RjUL | ||
| 005 | 20211208235926.0 | ||
| 008 | 140211s1992 ii a b 101 0 eng | ||
| 020 | _a8120405919 : | ||
| 035 | _a(BD-RjUL)16030 | ||
| 040 |
_aDLC _cDLC _dDLC _dBD-RjUL _beng |
||
| 041 | _aeng | ||
| 082 |
_222 _a660.6 _bNEW 1992 |
||
| 245 | 0 | 0 |
_aNew trends in biotechnology / _ceditors, N.S. Subba Rao, C. Balagopalan, S.V. Ramakrishna. |
| 260 |
_aNew Delhi : _bOxford & IBH Pub. Co., _cc1992. |
||
| 300 |
_axiii, 444 p. : _bill. ; _c25 cm. |
||
| 500 | _aPapers presented at the National Symposium on "New Trends in Biotechnology", 3-4 June 1988, Trivandrum. | ||
| 504 | _aIncludes bibliographical references and index. | ||
| 650 | 0 |
_aBiotechnology _xCongresses. _949489 |
|
| 700 | 2 |
_aSubba Rao, N. S. _q(Nanjappa Shamanna), _d1926- _949490 |
|
| 700 | 1 |
_aBalagopalan, C. _949491 |
|
| 700 | 1 |
_aRamakrishna, S. V. _949492 |
|
| 942 |
_2ddc _cBK |
||
| 999 |
_c15975 _d15975 |
||